Johannis Gravii, J. U. D. serenissimi ducis Wurtemb. consiliarii et professoris publici ordinarii in Academia Tubingensi, discursus juridicus de crimine falsi

Detalles Bibliográficos
Autor principal: Gravius, Johannes
Formato: Libro
Lenguaje:Latin
Publicado: Tubingae : sumtibus [sic] Joh. Joachimi Eisfeldii, 1744.
Edición:Editio novissima
Materias:
Colección:Banco de datos
Acervo:Fondo Bibliográfico Antiguo Víctor Manuel Castillo de la Universidad de Ciencias y Artes de Chiapas
Descripción Física:84 p. ; 4°
Tema general:Derecho civil
Notas:Portada tipográfica con plecas y viñeta en grabado xilográfico. Incluye cabecera de título floreada en grabado xilográfico. Incluye capitular floreada en grabado xilográfico
LEADER 00911nam a22001930004500
035 |a 2154 
041 0 |a lat 
100 1 |a Gravius, Johannes 
245 1 0 |a Johannis Gravii, J. U. D. serenissimi ducis Wurtemb. consiliarii et professoris publici ordinarii in Academia Tubingensi, discursus juridicus de crimine falsi 
250 |a Editio novissima 
260 |a Tubingae : sumtibus [sic] Joh. Joachimi Eisfeldii, 1744.  
300 |a 84 p. ; 4° 
500 |a Portada tipográfica con plecas y viñeta en grabado xilográfico. Incluye cabecera de título floreada en grabado xilográfico. Incluye capitular floreada en grabado xilográfico 
501 |a 11 obras 
650 1 0 |a Derecho civil 
949 |a UNICACH, Colección de Víctor Manuel Castillo: 01443-B 
942 |c CHIACASTI 
943 |g Fondo Bibliográfico Antiguo Víctor Manuel Castillo de la Universidad de Ciencias y Artes de Chiapas 
999 |c 1100450  |d 1100450